Groups by Countries - Statistics

General Stats
  • This quiz has been taken 23 times
  • The average score is 9 of 12
Answers on the Map
Answers color-coded by a green-red scale on the quiz's map according to % correct below.
 
Answer Stats
Hint Answer % Correct
Where Christ the Redeemer is located Brazil
100%
Where Pablo Escobar lived Colombia
86%
Owns the Galápagos islands Ecuador
86%
Has the islands of Sulawesi and Sumatra Indonesia
86%
With Kinshasa, its capital are the 2 closest country capitals to each other Republic of the Congo
82%
Idi Amin was the president of this country Uganda
82%
Small island country in the Gulf of Guinea São Tomé and Príncipe
77%
Was named after the 2nd tallest mountain in Africa Kenya
68%
Used to be known for piracy, depicted for example in Captain Phillips (2013) Somalia
68%
The only country with Bonobos in the wild D. R. Congo
45%
The Loango National Park here is famous for its surfing hippos Gabon
41%
Group Countries with land on the equator
36%
No matching quizzes found
Score Distribution
Percent of People with Each Score
Percentile by Number Answered
Your Score History
You have not taken this quiz